Statistics for Countryballs quiz #1

Click here to take the quiz!

General Stats

  • This quiz has been taken 51 times
  • The average score is 6 of 6

Answer Stats

Answer% Correct
France
100%
Germany
100%
United Kingdom
100%
Slovakia
98%
Austria
96%
Serbia
96%

Score Distribution

Percentile by Number Answered

Percent of People with Each Score

Your Score History

You have not taken this quiz